000 nam a22 7a 4500
999 _c10215
_d10215
008 180213b ||||| |||| 00| 0 eng d
100 _aSharma,J.P.
_96212
245 _aLab Biology-XI
260 _aNew Delhi
_bLaxmi
_c2012